Nhân đọc bài "Nâng cao chất lượng giáo dục đại học" bắt đầu từ giáo dục phổ thông /

সংরক্ষণ করুন:
গ্রন্থ-পঞ্জীর বিবরন
প্রধান লেখক: Nguyễn Cảnh Toàn, GS.VS.
বিন্যাস: প্রবন্ধ
ভাষা:Vietnamese
বিষয়গুলি:
ট্যাগগুলো: ট্যাগ যুক্ত করুন
কোনো ট্যাগ নেই, প্রথমজন হিসাবে ট্যাগ করুন!
Thư viện lưu trữ: Thư viện Trường Đại học Đà Lạt
LEADER 00837nam a2200265 4500
001 DLU120142832
005 ##20121023
040 # # |a DLU  |b vie 
041 # # |a vie 
044 # # |a vn 
100 # # |a Nguyễn Cảnh Toàn,   |c GS.VS. 
245 # # |a Nhân đọc bài "Nâng cao chất lượng giáo dục đại học" bắt đầu từ giáo dục phổ thông /  |c Nguyễn Cảnh Toàn. 
653 # # |a Cải cách giáo dục 
653 # # |a Mục tiêu 
653 # # |a Quản lí giáo dục 
773 # # |t Dạy và học ngày nay  |g Số 11, 2010, tr. 18-20 
920 # # |a Phòng Tạp chí -- Trung tâm Thông tin - Thư viện Trường Đại học Đà Lạt 
994 # # |a DLU 
900 # # |a True 
911 # # |a Nguyễn Thị Linh Chi 
925 # # |a G 
926 # # |a A 
927 # # |a BB 
980 # # |a Thư viện Trường Đại học Đà Lạt